The Legend of Zelda: Breath of the Wild Enemies - Statistics

General Stats
  • This quiz has been taken 396 times
  • The average score is 40 of 86
Answer Stats
Compendium #1 Enemy % Correct
104 Bokoblin
97%
110 Moblin
88%
125 Lynel
80%
105 Blue Bokoblin
79%
116 Lizalfos
79%
108 Silver Bokoblin
79%
106 Black Bokoblin
77%
109 (EX) Golden Bokoblin
73%
111 Blue Moblin
71%
112 Black Moblin
70%
88 Keese
70%
114 Silver Moblin
70%
84 Chuchu
69%
152 Hinox
68%
115 (EX) Golden Moblin
66%
85 Fire Chuchu
65%
86 Ice Chuchu
64%
89 Fire Keese
62%
90 Ice Keese
62%
123 Silver Lizalfos
62%
117 Blue Lizalfos
61%
87 Electric Chuchu
61%
91 Electric Keese
60%
124 (EX) Golden Lizalfos
60%
168 Calamity Ganon
59%
129 (EX) Golden Lynel
59%
165 Fireblight Ganon
58%
166 Waterblight Ganon
58%
167 Windblight Ganon
58%
118 Black Lizalfos
57%
128 Silver Lynel
57%
143 Stone Talus
57%
164 Thunderblight Ganon
56%
153 Blue Hinox
55%
154 Black Hinox
54%
107 Stalkoblin
52%
113 Stalmoblin
51%
169 Dark Beast Ganon
50%
156 Molduga
48%
146 Igneo Talus
46%
126 Blue-maned Lynel
45%
147 Frost Talus
45%
155 Stalnox
45%
122 Electric Lizalfos
44%
127 White-maned Lynel
42%
130 Guardian Stalker
41%
98 Fire Wizzrobe
40%
99 Ice Wizzrobe
39%
141 Master Kohga
39%
140 Yiga Blademaster
39%
119 Stalizalfos
38%
139 Yiga Footsoldier
37%
100 Electric Wizzrobe
35%
132 Guardian Turret
35%
134 Decayed Guardian
34%
131 Guardian Skywatcher
34%
92 Water Octorok
33%
120 Fire-breath Lizalfos
31%
157 (EX) Molduking
30%
94 Rock Octorok
30%
135 Guardian Scout I
29%
136 Guardian Scout II
29%
121 Ice-breath Lizalfos
29%
148 Stone Pebblit
29%
137 Guardian Scout III
28%
133 Sentry
27%
96 Treasure Octorok
27%
150 Frost Pebblit
26%
138 Guardian Scout IV
26%
149 Igneo Pebblit
26%
145 Stone Talus (Rare)
26%
103 Thunder Wizzrobe
26%
102 Blizzrobe
25%
161 Cursed Bokoblin
25%
93 Forest Octorok
25%
144 Stone Talus (Luminous)
25%
162 Cursed Moblin
24%
142 (EX) Monk Maz Koshia
24%
163 Cursed Lizalfos
23%
158 Dinraal
22%
159 Naydra
22%
95 Snow Octorok
22%
160 Farosh
21%
101 Meteo Wizzrobe
21%
151 (EX) Igneo Talus Titan
16%
97 (EX) Sky Octorok
15%
No matching quizzes found
Score Distribution
Percent of People with Each Score
Percentile by Number Answered
Your Score History
You have not taken this quiz